Cloud computing bible / (Record no. 28975)
[ view plain ]
| 000 -LEADER | |
|---|---|
| fixed length control field | 01449cam a22003857a 4500 |
| 001 - CONTROL NUMBER | |
| control field | 16547872 |
| 003 - CONTROL NUMBER IDENTIFIER | |
| control field | EG-ScBUE |
| 005 - DATE AND TIME OF LATEST TRANSACTION | |
| control field | 20201020140536.0 |
| 008 - FIXED-LENGTH DATA ELEMENTS--GENERAL INFORMATION | |
| fixed length control field | 101119r20142011inua f 001 0 eng d |
| 020 ## - INTERNATIONAL STANDARD BOOK NUMBER | |
| International Standard Book Number | 9788126529803 |
| 035 ## - SYSTEM CONTROL NUMBER | |
| System control number | (OCoLC)ocn635494662 |
| 040 ## - CATALOGING SOURCE | |
| Original cataloging agency | UKM |
| Language of cataloging | eng |
| Description conventions | rda |
| Transcribing agency | UKM |
| Modifying agency | BTCTA |
| -- | YDXCP |
| -- | AAL |
| -- | BWX |
| -- | CDX |
| -- | DLC |
| -- | EG-ScBUE |
| 041 0# - LANGUAGE CODE | |
| Language code of text/sound track or separate title | eng |
| Language code of summary or abstract/overprinted title or subtitle | eng |
| 082 04 - DEWEY DECIMAL CLASSIFICATION NUMBER | |
| Classification number | 006.78 |
| Item number | SOS |
| Edition number | 22 |
| 100 1# - MAIN ENTRY--PERSONAL NAME | |
| Personal name | Sosinsky, Barrie A., |
| Relator term | author. |
| 245 10 - TITLE STATEMENT | |
| Title | Cloud computing bible / |
| Statement of responsibility, etc | Barrie Sosinsky. |
| 250 ## - EDITION STATEMENT | |
| Edition statement | Reprinted edition. |
| 264 #1 - PUBLICATION, DISTRIBUTION, ETC. (IMPRINT) | |
| Place of publication, distribution, etc | Indianapolis, Indiana : |
| Name of publisher, distributor, etc | Wiley Publishing, |
| Date of publication, distribution, etc | 2014. |
| 300 ## - PHYSICAL DESCRIPTION | |
| Extent | xxviii, 497 pages : |
| Other physical details | illustrations ; |
| Dimensions | 24 cm |
| 336 ## - CONTENT TYPE | |
| Source | rdacontent |
| Content type term | text |
| Content type code | txt |
| 337 ## - MEDIA TYPE | |
| Source | rdamedia |
| Media type term | unmediated |
| Media type code | n |
| 338 ## - CARRIER TYPE | |
| Source | rdacarrier |
| Carrier type term | volume |
| Carrier type code | nc |
| 500 ## - GENERAL NOTE | |
| General note | Includes index. |
| 520 ## - SUMMARY, ETC. | |
| Summary, etc | Looks at what cloud computing is and is not, why cloud computing exists, and the value of cloud computing, along with information on cloud computing platforms, infrastructure, services, and security. |
| 546 ## - LANGUAGE NOTE | |
| Language note | In English; summary in English. |
| 650 #7 - SUBJECT ADDED ENTRY--TOPICAL TERM | |
| Topical term or geographic name as entry element | Cloud computing. |
| Source of heading or term | BUEsh |
| 9 (RLIN) | 37309 |
| 650 #7 - SUBJECT ADDED ENTRY--TOPICAL TERM | |
| Topical term or geographic name as entry element | Web services. |
| Source of heading or term | BUEsh |
| 650 #7 - SUBJECT ADDED ENTRY--TOPICAL TERM | |
| Topical term or geographic name as entry element | Application software. |
| Source of heading or term | BUEsh |
| 650 #7 - SUBJECT ADDED ENTRY--TOPICAL TERM | |
| Topical term or geographic name as entry element | Data processing. |
| Source of heading or term | BUEsh |
| 653 ## - INDEX TERM--UNCONTROLLED | |
| Resource For college | MASTER, Informatics and Computer Science |
| Arrived date list | October2020 |
| 655 ## - INDEX TERM--GENRE/FORM | |
| Form subdivision | Reading book |
| 9 (RLIN) | 34232 |
| 906 ## - LOCAL DATA ELEMENT F, LDF (RLIN) | |
| a | 7 |
| b | cbc |
| c | copycat |
| d | 2 |
| e | ncip |
| f | 20 |
| g | y-gencatlg |
| 942 ## - ADDED ENTRY ELEMENTS (KOHA) | |
| Source of classification or shelving scheme | Dewey Decimal Classification |
| Koha item type | Book - Borrowing |
| Withdrawn status | Lost status | Source of classification or shelving scheme | Damaged status | Not for loan | Collection code | Home library | Current library | Shelving location | Date acquired | Source of acquisition | Total Checkouts | Full call number | Barcode | Date last seen | Price effective from | Koha item type |
|---|---|---|---|---|---|---|---|---|---|---|---|---|---|---|---|---|
| Dewey Decimal Classification | Baccah | Central Library | Central Library | Lower Floor | 20/10/2020 | Purchase | 006.78 SOS | 000050097 | 15/07/2025 | 20/10/2020 | Book - Borrowing |